| 000 | 02435cam a22005894i 4500 | ||
|---|---|---|---|
| 003 | PE-LiUPU | ||
| 005 | 20250731170406.0 | ||
| 008 | 150617s r 000 0 d | ||
| 020 | _a842493542X | ||
| 035 | _a(Sirsi) i9788424935429 | ||
| 040 |
_aPE-LiUPU _bspa _cPE-LiUPU _erda |
||
| 049 | _aPRUA | ||
| 082 | 0 | 4 |
_a182 _bE28 _221 |
| 110 | 2 | _aEditorial Gredos | |
| 245 | 1 | 4 |
_aLos filósofos presocráticos III / _cEditorial Gredos. |
| 264 | 1 |
_aMadrid : _bGredos, _c1986. |
|
| 300 |
_a455 páginas ; _c20 centímetros |
||
| 336 |
_atext _2rdacontent |
||
| 337 |
_aunmediated _2rdamedia |
||
| 338 |
_avolume _2rdacarrier |
||
| 490 | 0 |
_aBiblioteca clásica Gredos ; _v28 |
|
| 505 | 0 | _aDatos biográficos de Diógenes -- Escritos -- El cosmo: principios y proceso -- Astronomía -- Meteorología -- Mineralogía -- El alma: las sensaciones y el pensamiento -- Biología animal y vegetal -- Fragmentos probablemente auténticos -- Datos biográficos de Filolao -- Escritos -- La armonía cósmica -- Astronomía -- Biología y medicina -- El dualismo cuerpo-alma -- El conocimiento -- Fragmentos probablemente auténticos -- Principales fragmentos apócrifos -- Datos biográficos de Leucipo -- Datos biográficos de Demócrito -- Escritos de Leucipo -- Escritos de Demócrito -- Intereses y métodos de los atomistas -- Fundamentos del sistema atomista -- El problema del movimiento -- Cosmogonía y cosmología -- Consideraciones científicas -- El alma -- Las cualidades sensibles y las sensaciones. | |
| 526 | _aSEG68 | ||
| 526 | _aSEG70 | ||
| 526 | _aSEG69 | ||
| 526 | _aSEG67 | ||
| 526 | _aSEG43 | ||
| 526 | _aP144 | ||
| 526 | _aP143 | ||
| 526 | _aP131 | ||
| 526 | _aP122 | ||
| 526 | _aP120 | ||
| 526 | _aP117 | ||
| 526 | _aP112 | ||
| 526 | _aP110 | ||
| 526 | _aP106 | ||
| 526 | _aP101 | ||
| 526 | _aP80 | ||
| 526 | _aP59 | ||
| 526 | _aP54 | ||
| 526 | _aP35 | ||
| 526 | _aP33 | ||
| 526 | _aP30 | ||
| 650 | 0 | 4 | _aPresocráticos. |
| 910 |
_ajck _bjvq _cjck _d20150616 |
||
| 942 |
_2ddc _cBOOK |
||
| 949 |
_a182 E28 _wDEWEY _c1 _i28059 _lCCODEBUL1 _mBUL _r0 _sY _tBOOK _u2015-4-22 _xSALUD _zUNKNOWN _0COMPRA _o.STAFF. Colección General |
||
| 994 |
_aC0 _bPEPRU |
||
| 596 | _a1 | ||
| 999 |
_a182 E28 _wDEWEY _c3312 _i28059 _d3312 _f2021-11-4 _g5 _lCCODEBUL1 _mBUL _q1 _r0 _sY _tBOOK _u2015-4-22 _xBIBLIOTECA _zUNKNOWN _0COMPRA _o.STAFF. Colección General |
||
| 980 |
_81 _gALBERTO SANCHEZ Responsable de Automatización |
||